| 000 | 00825nam a22002415a 4500 | ||
|---|---|---|---|
| 003 | OSt | ||
| 005 | 20170118112856.0 | ||
| 008 | 170116s2016 ua frb 000 0 ara d | ||
| 015 | _22016 / 8087 | ||
| 020 | _a9789779038780 | ||
| 040 |
_aEG-ScBUE _bara _cEG-ScBUE _dEG-ScBUE |
||
| 082 | 0 | 4 |
_a341.48 _bب س ي _222 |
| 100 | 1 | _aبسيوني، محمود شريف. | |
| 245 | 1 | 2 |
_aالقانون الدولي الإنساني / _cتأليف محمود شريف بسيوني. |
| 250 | _aط. 3. | ||
| 260 |
_aالقاهرة : _bدار النهضة العربية، _c2016. |
||
| 300 |
_a470 ص. ؛ _c24 سم. |
||
| 504 | _aيشتمل على إرجاعات ببليوجرافية. | ||
| 650 | 7 |
_aحقوق الإنسان (قانون دولي) _2BUEsh _940977 |
|
| 651 | _2BUEsh | ||
| 653 |
_bLLAAWW _cJanuary2017 |
||
| 942 | _2ddc | ||
| 999 |
_c23966 _d23938 |
||